Ḥuqūq al-marʼah-- : qaḍīyat al-mujtamaʻ /
Saved in:
| Corporate Author: | |
|---|---|
| Format: | Book |
| Language: | Arabic French |
| Published: |
al-Rabāṭ :
Markaz Ṭāriq ibn Ziyād,
2003.
|
| Edition: | al-Ṭabʻah 1. |
| Series: | Dafātir Markaz Ṭāriq ibn Ziyād ;
3. |
| Subjects: | |
| Tags: |
Add Tag
No Tags, Be the first to tag this record!
|
| LEADER | 01633cam a2200433Ia 4500 | ||
|---|---|---|---|
| 001 | 009533357-6 | ||
| 005 | 20120110155024.0 | ||
| 008 | 070925s2003 mr a b 000 0 ara | ||
| 020 | |a 9954033475 | ||
| 020 | |a 9789954033470 | ||
| 035 | 0 | |a ocm85835822 | |
| 035 | 2 | |a ocn173285536 | |
| 040 | |a ALAUL |c PUL |d PUL | ||
| 041 | 0 | |a ara |h fre | |
| 043 | |a f-mr--- | ||
| 050 | 4 | |a HQ1236.5.M8 |b H868 2003 | |
| 245 | 0 | 0 | |6 880-01 |a Ḥuqūq al-marʼah-- : |b qaḍīyat al-mujtamaʻ / |c jamāʻah min al-bāḥīthīn. |
| 246 | 1 | 5 | |a Droits de la femme-- : |b un debat de societe |
| 250 | |6 880-02 |a al-Ṭabʻah 1. | ||
| 260 | |6 880-03 |a al-Rabāṭ : |b Markaz Ṭāriq ibn Ziyād, |c 2003. | ||
| 300 | |a 63, 137p. : |b ill. ; |c 30 cm. | ||
| 490 | 1 | |6 880-04 |a Dafātir Markaz Ṭāriq ibn Ziyād ; |v 3 | |
| 500 | |a Citations from newspapers. | ||
| 504 | |a Includes bibliographical references. | ||
| 546 | |a Arabic and French. | ||
| 650 | 0 | |a Women's rights |z Morocco. | |
| 650 | 0 | |a Women, Arab. | |
| 650 | 0 | |a Women's rights |z Africa, North. | |
| 710 | 2 | |6 880-05 |a Markaz Ṭāriq ibn Ziyād. | |
| 880 | 0 | 0 | |6 245-01 |a حقوق المرأة-- : |b قضية المجتمع / |c جماعة من الباحيثين. |
| 880 | |6 250-02 |a الطبعة 1. | ||
| 880 | |6 260-03 |a الرباط : |b مركز طارق بن زياد، |c 2003. | ||
| 880 | 1 | |6 490-04 |a دفاتر مركز طارق بن زياد ؛ ; |v 3 | |
| 880 | 2 | |6 710-05 |a مركز طارق بن زياد. | |
| 830 | 0 | |6 880-54 |a Dafātir Markaz Ṭāriq ibn Ziyād ; |v 3. | |
| 880 | 0 | |6 830-54 |a دفاتر مركز طارق بن زياد ؛ ; |v 3. | |
| 988 | |a 20050118 | ||
| 049 | |a PULL | ||
| 906 | |0 OCLC | ||


